书目信息 |
| 题名: |
环境影响评价技术方法
|
|
| 作者: | 谭民强 主编 ;生态环境部 编 | |
| 分册: | ||
| 出版信息: | 北京 中国环境出版集团 2019.02 |
|
| 页数: | 504页 | |
| 开本: | 23cm | |
| 丛书名: | 全国环境影响评价工程师职业资格考试系列参考教材 | |
| 单 册: | ||
| 中图分类: | X820.3 | |
| 科图分类: | ||
| 主题词: | 环境影响--huan jing ying xiang--评价--资格考试--自学参考资料 | |
| 电子资源: | ||
| ISBN: | 978-7-5111-3905-4 | |
| 000 | 01448nam 2200289 450 | |
| 001 | 202019134201 | |
| 005 | 20191002113833.0 | |
| 010 | @a978-7-5111-3905-4@dCNY95.00 | |
| 100 | @a20190928d2019 em y0chiy50 ea | |
| 101 | 0 | @achi |
| 102 | @aCN@b110000 | |
| 105 | @aak z 000yy | |
| 106 | @ar | |
| 200 | 1 | @a环境影响评价技术方法@Ahuan jing ying xiang ping jia ji shu fang fa@e2019年版@f生态环境部环境工程评估中心编 |
| 205 | @a第12版 | |
| 210 | @a北京@c中国环境出版集团@d2019.02 | |
| 215 | @a504页@c图@d23cm | |
| 225 | 2 | @a全国环境影响评价工程师职业资格考试系列参考教材@Aquan guo huan jing ying xiang ping jia gong cheng shi zhi ye zi ge kao shi xi lie can kao jiao cai |
| 314 | @a书内题: 谭民强主编 | |
| 330 | @a为了满足环境影响评价工程师职业资格考试应试需求, 我中心组织具有多年环境影响评价实践经验的专家于2005年编写了第一版环境影响评价工程师职业资格考试系列参考教材。《环境影响评价技术方法》是该套教材的其中一册, 归纳整理了从事环境影响评价业务必备的法律法规基础知识, 强调了其中的重点内容, 同时对现行的主要环境政策和产业政策进行了说明。 | |
| 410 | 0 | @12001 @a全国环境影响评价工程师职业资格考试系列参考教材 |
| 606 | 0 | @a环境影响@Ahuan jing ying xiang@x评价@x资格考试@j自学参考资料 |
| 690 | @aX820.3@v5 | |
| 701 | 0 | @a谭民强@Atan min qiang@4主编 |
| 712 | 02 | @a生态环境部@Asheng tai huan jing bu@b环境工程评估中心@Bhuan jing gong cheng ping gu zhong xin@4编 |
| 801 | 0 | @aCN@c20190905 |
| 905 | @a河南城建学院图书馆@dX820.3@eT115=12 | |
| 环境影响评价技术方法:2019年版/生态环境部环境工程评估中心编.-第12版.-北京:中国环境出版集团,2019.02 |
| 504页:图;23cm.-(全国环境影响评价工程师职业资格考试系列参考教材) |
| ISBN 978-7-5111-3905-4:CNY95.00 |
| 为了满足环境影响评价工程师职业资格考试应试需求, 我中心组织具有多年环境影响评价实践经验的专家于2005年编写了第一版环境影响评价工程师职业资格考试系列参考教材。《环境影响评价技术方法》是该套教材的其中一册, 归纳整理了从事环境影响评价业务必备的法律法规基础知识, 强调了其中的重点内容, 同时对现行的主要环境政策和产业政策进行了说明。 |
| ● |
| 相关链接 |
|
|
|
正题名:环境影响评价技术方法
索取号:X820.3/T115=12
 
预约/预借
| 序号 | 登录号 | 条形码 | 馆藏地/架位号 | 状态 | 备注 |
| 1 | 1442011 | 214420116 | 自科库501/501自科库 113排1列4层/ [索取号:X820.3/T115=12] | 在馆 | |
| 2 | 1442012 | 214420125 | 自科二线504/501自科库 113排1列4层/ [索取号:X820.3/T115=12] | 在馆 |